| 000 | 00358 a2200133 4500 | ||
|---|---|---|---|
| 020 | _a9781073186 | ||
| 082 |
_a861.982 _bF837e |
||
| 100 |
_aFranzetti, Silvana _9911 |
||
| 245 | _aEdicion Bilingue | ||
| 260 |
_aArgentina _bediciones VOX _c2006 |
||
| 300 |
_a37 p _bill (col) _c21 cm |
||
| 650 |
_aPoesia _xLiteratura _zArgentina _9912 |
||
| 700 |
_aSilvana Franzetti _9913 |
||
| 999 |
_c192 _d192 |
||